3D tlač antibakteriálnych materiálov

Salvato in:
Dettagli Bibliografici
Autore principale: Pokrivčák, František (Autore)
Altri autori: Špitalský, Zdenko (Relatore della tesi)
Natura: Manoscritto Libro
Lingua:slovacco
Pubblicazione: 2023
Soggetti:
Accesso online:http://is.stuba.sk/zp/portal_zp.pl?podrobnosti=169476
Tags: Aggiungi Tag
Nessun Tag, puoi essere il primo ad aggiungerne!!

MARC

LEADER 00000ntm a22000003a 4500
001 stuzp94581
003 SK-STU
005 20230909222545.3
007 ta
008 150427s2015----xo-----f-mn---000-0-slo-d
040 |a STU  |b slo 
041 0 |a slo 
100 1 |a Pokrivčák, František  |u 049370  |k Z4  |4 aut  |U FCHPT Ústav prírodných a syntetických polymérov  |T FCHPT Oddelenie plastov, kaučuku a vlákien  |X 91956  |U C9370  |Y 128  |7 91956 
242 0 1 |a 3D printing of antibacterial materials  |y eng 
245 1 0 |a 3D tlač antibakteriálnych materiálov 
260 |c 2023 
650 4 |a 3D tlač  |2 slo 
650 4 |a uhlíkové kvantové bodky  |2 slo 
650 4 |a tepelná stabilita  |2 slo 
650 4 |a antibakteriálny materiál  |2 slo 
650 4 |a fotodynamický efekt  |2 slo 
650 4 |a 3D printing  |2 eng 
650 4 |a carbon quantum dots  |2 eng 
650 4 |a thermal stability  |2 eng 
650 4 |a antibacterial material  |2 eng 
650 4 |a photodynamic effect  |2 eng 
700 1 |a Špitalský, Zdenko  |4 ths  |X 45506  |7 45506 
856 4 |u http://is.stuba.sk/zp/portal_zp.pl?podrobnosti=169476